000 00841nas a2200277 4500
001 BR0806923
003 BR-BrBNA
005 20231205112507.0
007 ta
008 230509b bl.|||p| |||| 00| 00por d
040 _aBR-BrBNA
_bpor
_cBiblioteca Nacional de Agricultura
041 _a(Pt)
072 _aF02
100 1 _aBonilla, M.G.O.
100 1 _aPinto, J.E.B.P.
100 1 _aReis, E.S.
100 1 _aCorrêa, R.M.
100 1 _aCosta, L.C. do B.
245 1 _aMicropropagação de Rudgea viburnoides (Cham.)Benth., uma planta medicinal
650 _aPLANTA MEDICINAL
650 _aMICROPROPAGAÇÃO
650 _aCULTURA DE TECIDO
773 0 _tPlant Cell Culture Micropropagation (Brazil)
_xISSN 1808-9909
_g(2007), v. 3(2) p. 89-95
_wBR0806923
909 _a202311
_bLúcia
_c55
_dLúcia Elande
942 _2AGRIS
_n0
_cANA
999 _c198359
_d198359